00350nam a2200157Ia 4500008004000000041000800040082001200048100002100060245002900081260003700110650000900147650000700156650000900163650001200172650000800184210210b1955 xxu||||| |||| 00| 0 eng d aeng a954/330 aPRASAD (Ishwari) aLife and time of Humayun aBombaybOrient Longman Ltdc1955 atime aof aLife aHumayun aand